000 00738nam a2200217 i 4500
001 bg
245 0 0 _aNowe materiały - program badawczy.
260 _aWarszawa :
_bOficyna Wydawnicza PW,
_c2000.
300 _a136 s. :
_bfot., rys., wykr. ;
_c24 cm.
490 1 _aPrace Naukowe / Politechnika Warszawska. Inżynieria Materiałowa,
_x1234-5229 ;
_vz.12
500 _aOpis wg okł.
504 _aBibliogr. przy pracach.
650 9 _aInżynieria powierzchni
_xzagadnienia
650 9 _aPowłoki
_xzagadnienia
830 0 _aPrace Naukowe (Politechnika Warszawska).
_pInżynieria Materiałowa ;
_vz.12
040 _cBPK
041 0 _apl
_ben
080 _a621.793/.795:620.1
942 _cKS
008 s pl f |000 0 pol
999 _c39107
_d39107
856 _uhttp://koha.tu.koszalin.pl/cgi-bin/koha/opac-detail.pl?biblionumber=39107
_yKatalog online BPK